000 00480 a2200157 4500
020 _a812970692X
082 _a005.8
090 _c2136
_d2136
100 _aMao, Wenbo
245 _aModern Cryptography: Theory and Practice
_cWenbo Mao
260 _aNew Delhi :
_bPearson Education Inc. ,
_cc2004.
300 _axxxviii, 707 p. :
_bill. ;
_c26 cm.
500 _aIncludes bibliographical references and index
650 _a1.Computer Security. 2.Cryptography
942 _cBK
_k005.8 MAO
999 _c6070
_d6070